000 02633nam a22002657a 4500
005 20260312092520.0
008 260309b |||||||| |||| 00| 0 eng d
020 _a9781119219606
040 _cAL
041 _aeng
082 _a332.64
_bCHAM
100 _aErnest P Chan
_9258558
245 _aMachine trading
260 _aNew Jersey
_bWiley
_c2017
300 _axii,250p
_bPB
_c25x18cm
365 _2General
_aABDI/0854/26
_b$47.25 ₹4316.2875
_c$
_d$63.00 ₹5755.05
_e25%
_f19-02-2026
440 _aWiley Trading Series
_9258242
520 _aDive into algo trading with step-by-step tutorials and expert insight Machine Trading is a practical guide to building your algorithmic trading business. Written by a recognized trader with major institution expertise, this book provides step-by-step instruction on quantitative trading and the latest technologies available even outside the Wall Street sphere. You'll discover the latest platforms that are becoming increasingly easy to use, gain access to new markets, and learn new quantitative strategies that are applicable to stocks, options, futures, currencies, and even bitcoins. The companion website provides downloadable software codes, and you'll learn to design your own proprietary tools using MATLAB. The author's experiences provide deep insight into both the business and human side of systematic trading and money management, and his evolution from proprietary trader to fund manager contains valuable lessons for investors at any level. Algorithmic trading is booming, and the theories, tools, technologies, and the markets themselves are evolving at a rapid pace. This book gets you up to speed, and walks you through the process of developing your own proprietary trading operation using the latest tools. Utilize the newer, easier algorithmic trading platforms Access markets previously unavailable to systematic traders Adopt new strategies for a variety of instruments Gain expert perspective into the human side of trading The strength of algorithmic trading is its versatility. It can be used in any strategy, including market-making, inter-market spreading, arbitrage, or pure speculation; decision-making and implementation can be augmented at any stage, or may operate completely automatically. Traders looking to step up their strategy need look no further than Machine Trading for clear instruction and expert solutions.
650 _aFactor Models
_9258244
650 _aBitcoins
_9258245
650 _aArtificial Intelligence
_9258246
650 _aIntraday Trading
_9258247
650 _aAlgorithmic Trading
_9258248
942 _2ddc
_cBK
999 _c241015
_d241015